| 000 | 00536nam a22001817a 4500 | ||
|---|---|---|---|
| 003 | OSt | ||
| 005 | 20260128064350.0 | ||
| 008 | 260128b |||||||| |||| 00| 0 eng d | ||
| 020 | _a1-56052-201-1 | ||
| 040 |
_aDWC-Main lib. _cOC |
||
| 082 | _aCirc. 658.3 D38 1993 | ||
| 100 | _aDell, Twyla | ||
| 245 |
_aMotivating at work : _bempowering employees to five their best/ _cTwyla Dell |
||
| 260 |
_aCA : _bCrisp Pub., _c c1993 |
||
| 300 |
_avii, 97 p. ; _c25 cm. |
||
| 650 | _aEmployee motivation | ||
| 942 |
_2ddc _cBK-CIRC _hCirc. _n0 |
||
| 999 |
_c7906 _d7906 |
||